000 00858nam a2200193 a 4500
001 000044114
005 20201002045145.0
008 140516s1995 sp 000 0 spa d
020 _a8420694142
040 _aDO-SdBNP
_bspa
_cBNPHU
100 1 _aGarcía, Prudencio
_972112
245 1 3 _aEl drama de la autonomía militar :
_bArgentina bajo las juntas militares /
_cPrudencio García ; prólogo de Ernesto Sábato.
260 _aMadrid :
_bAlianza,
_c1995.
300 _a585 p. ;
_c24 cm.
500 _aEl autor hace un estudio de los origenes sociológicos, causas y efectos del último de los golpes de Estado ocurridos en Argentina, remontándose a los anteriores y sucesivos desde 1930
504 _aBibliografía : p. 565-585
504 _aIncluye referencias bibliográficas y notas al pie de las páginas
700 1 2 _aSábato, Ernesto,
_epról.
_98788
999 _c43603
_d43603